000 00303cam a22001097a 4500
008 180718b1975 xxu||||| |||| 00| 0 eng d
082 _aL1x5413 s/1975
245 _aBudget speech, 1975-76 (Hindi)
_cby Finance Department
260 _aPatna
_bGovernment of Bihar
_c1975
300 _av.p.
650 _aBudget
999 _c503552
_d503552